[Event "Jorge Szmetan Mem 2017"]
[Site "Buenos Aires ARG"]
[Date "2017.04.17"]
[Round "1.1"]
[White "Darcyl, Tomas"]
[Black "Granda Zuniga, Julio E"]
[Result "0-1"]
[WhiteTitle "IM"]
[BlackTitle "GM"]
[WhiteElo "2405"]
[BlackElo "2658"]
[WhiteFideId "100404"]
[BlackFideId "3800024"]
[EventDate "2017.04.17"]
[EventType "tourn"]

1. Nf3 f5 2. e4 fxe4 3. Ng5 Nf6 4. d3 e5 5. dxe4 h6 6. Nf3 Qe7 7. Nc3 d6 8. Bc4
g5 9. h4 g4 10. Nd2 c6 11. a4 Be6 12. Qe2 Nbd7 13. Bxe6 Qxe6 14. Nf1 d5 15. Ng3
Bc5 16. O-O O-O-O 17. Bd2 Kb8 18. b4 Bxb4 19. Rfb1 Bxc3 20. Bxc3 Ka8 21. Bd2 Nc5
22. exd5 cxd5 23. Rb5 Rc8 24. Rab1 Rc6 25. Qe3 Nfd7 26. Qa3 Rhc8 27. h5 a6 28.
R5b4 Nb6 29. Bc1 Nc4 30. Rxc4 dxc4 31. a5 Qd7 32. Be3 Ne6 33. Ne4 Nd4 34. Qa4 c3
35. Nc5 Qd5 36. Nd3 Rc4 37. Qa2 Nf3+ 38. gxf3 gxf3 0-1

[Event "Jorge Szmetan Mem 2017"]
[Site "Buenos Aires ARG"]
[Date "2017.04.17"]
[Round "1.2"]
[White "Flores, Diego"]
[Black "Garcia Palermo, Carlos"]
[Result "0-1"]
[WhiteTitle "GM"]
[BlackTitle "GM"]
[WhiteElo "2568"]
[BlackElo "2450"]
[WhiteFideId "108049"]
[BlackFideId "110124"]
[EventDate "2017.04.17"]
[EventType "tourn"]

1. c4 e6 2. d4 Nf6 3. Nc3 Bb4 4. e3 O-O 5. a3 Bxc3+ 6. bxc3 Nc6 7. Bd3 b6 8. e4
Ne8 9. Nf3 Ba6 10. e5 f6 11. Qc2 h6 12. Qe2 Na5 13. exf6 Nxf6 14. Ne5 d6 15. Ng6
Re8 16. O-O Qd7 17. Re1 e5 18. dxe5 dxe5 19. Rd1 e4 20. Bc2 Qf7 21. Nh4 Bxc4 22.
Qe3 Qh5 23. Qg3 Bd3 24. Bxh6 Qxh6 25. Rxd3 exd3 26. Nf5 Qh7 27. Bxd3 Rad8 28.
Ne7+ Rxe7 29. Bxh7+ Kxh7 30. h3 Nb3 31. Qh4+ Kg6 32. Rb1 Nd2 33. Rc1 Rd3 34. Kh1
Re4 35. f4 Kf7 36. Re1 g5 37. Qf2 Rxf4 38. Qe2 Nde4 39. Kg1 Rd2 40. Qc4+ Kg6 0-1

[Event "Jorge Szmetan Mem 2017"]
[Site "Buenos Aires ARG"]
[Date "2017.04.17"]
[Round "1.3"]
[White "Bachmann, Axel"]
[Black "Slipak, Sergio"]
[Result "1-0"]
[WhiteTitle "GM"]
[BlackTitle "GM"]
[WhiteElo "2646"]
[BlackElo "2465"]
[WhiteFideId "3700488"]
[BlackFideId "100250"]
[EventDate "2017.04.17"]
[EventType "tourn"]

1. c4 e6 2. Nf3 Nf6 3. g3 d5 4. b3 Be7 5. Bg2 O-O 6. O-O a5 7. Nc3 c6 8. Bb2 b6
9. d3 Bb7 10. e3 Na6 11. Qe2 Nc5 12. Rad1 a4 13. d4 Nce4 14. Nxa4 b5 15. Nc3
bxc4 16. bxc4 Qa5 17. Nxe4 Nxe4 18. Ne5 Qxa2 19. Qc2 Ba3 20. Bxe4 dxe4 21. Rb1
c5 22. dxc5 f6 23. Nd7 Rf7 24. Nb6 Ra7 25. Ra1 Qxb2 26. Qxb2 Bxb2 27. Rxa7 Bc6
28. Nc8 Be5 29. Ne7+ 1-0

[Event "Jorge Szmetan Mem 2017"]
[Site "Buenos Aires ARG"]
[Date "2017.04.17"]
[Round "1.4"]
[White "Sosa, Tomas ARG"]
[Black "Van Riemsdijk, Herman C."]
[Result "1-0"]
[WhiteTitle "IM"]
[BlackTitle "IM"]
[WhiteElo "2459"]
[BlackElo "2318"]
[WhiteFideId "121576"]
[BlackFideId "2100053"]
[EventDate "2017.04.17"]
[EventType "tourn"]

1. e4 e5 2. Nf3 Nc6 3. Bb5 a6 4. Ba4 Nf6 5. O-O Be7 6. Re1 b5 7. Bb3 d6 8. c3
O-O 9. d4 Bg4 10. d5 Na5 11. Bc2 c6 12. h3 Bc8 13. dxc6 Qc7 14. Nbd2 Qxc6 15.
Nf1 Nc4 16. a4 Nb6 17. a5 Nbd7 18. Ng3 g6 19. Bh6 Re8 20. Qd2 Nc5 21. b4 Ne6 22.
Bb3 Qc7 23. Rad1 Bb7 24. Ng5 Nxg5 25. Bxg5 Rad8 26. Qa2 Rf8 27. Bh6 Qxc3 28. Re3
Qxb4 29. Nf5 gxf5 30. Rg3+ 1-0

[Event "Jorge Szmetan Mem 2017"]
[Site "Buenos Aires ARG"]
[Date "2017.04.17"]
[Round "1.5"]
[White "Morovic Fernandez, Ivan"]
[Black "Mareco, Sandro"]
[Result "1-0"]
[WhiteTitle "GM"]
[BlackTitle "GM"]
[WhiteElo "2527"]
[BlackElo "2655"]
[WhiteFideId "3405400"]
[BlackFideId "112275"]
[EventDate "2017.04.17"]
[EventType "tourn"]

1. d4 Nf6 2. Nf3 e6 3. e3 c5 4. Bd3 Nc6 5. O-O d5 6. c3 Bd6 7. Nbd2 O-O 8. dxc5
Bxc5 9. b4 Bd6 10. Bb2 e5 11. e4 Bg4 12. Re1 Rc8 13. h3 Bxf3 14. Qxf3 d4 15. a3
Bb8 16. Nb3 a6 17. Rad1 dxc3 18. Bxc3 Qe7 19. Bc4 Nd4 20. Bxd4 exd4 21. Nc5 Be5
22. Qf5 b6 23. Nd3 Rxc4 24. Nxe5 g6 25. Qg5 h6 26. Qf4 Nh5 27. Qh2 Rc3 28. Rxd4
Qf6 29. Rd5 Rxa3 30. Ng4 Qc3 31. Red1 Qxb4 32. Rxh5 gxh5 33. Nf6+ Kh8 34. Qf4
Kg7 35. Nxh5+ 1-0

[Event "Jorge Szmetan Mem 2017"]
[Site "Buenos Aires ARG"]
[Date "2017.04.17"]
[Round "1.6"]
[White "Pichot, Alan"]
[Black "Hoffman, Alejandro"]
[Result "0-1"]
[WhiteTitle "GM"]
[BlackTitle "GM"]
[WhiteElo "2556"]
[BlackElo "2488"]
[WhiteFideId "110973"]
[BlackFideId "100340"]
[EventDate "2017.04.17"]
[EventType "tourn"]

1. e4 e5 2. Nf3 Nc6 3. Bb5 Nf6 4. O-O d6 5. d3 Bd7 6. c3 g6 7. Re1 Bg7 8. Nbd2
O-O 9. Nf1 h6 10. Ng3 Qe7 11. a4 a6 12. Bc4 Na5 13. Ba2 c5 14. Be3 Kh7 15. b4
cxb4 16. cxb4 Nc6 17. Qd2 Bg4 18. b5 axb5 19. axb5 Nd8 20. b6 Ne6 21. Qb4 Bxf3
22. gxf3 h5 23. Kh1 Bh6 24. Ne2 Bxe3 25. fxe3 Nc5 26. Bc4 Rxa1 27. Rxa1 Nfd7 28.
d4 exd4 29. exd4 Nxe4 30. fxe4 Qxe4+ 31. Kg1 Qe3+ 32. Kg2 Qe4+ 33. Kf2 Qh4+ 34.
Kg2 Qe4+ 35. Kf2 Qh4+ 36. Kg1 Qg4+ 37. Kf2 Qh4+ 38. Kf1 Qxh2 39. Ra3 Nf6 40. Rf3
Ng4 41. Ke1 Qh1+ 42. Rf1 Qh4+ 43. Kd2 Qe7 44. Rf3 Kg7 45. Qb5 h4 46. Bb3 Kh6 47.
Rh3 f5 48. Nf4 Qe4 49. Rxh4+ Kg5 50. Rxg4+ Kxg4 51. Ne6 Rh8 52. Qf1 Rh2+ 53. Kc3
f4 54. Bd1+ Kf5 55. Qb5+ Kf6 56. Qg5+ Kxe6 57. Bb3+ d5 58. Kb4 Qxd4+ 59. Kb5
Qd3+ 60. Kb4 Qe4+ 61. Ka5 Rb2 62. Qd8 Qe1+ 63. Ka4 Qa1+ 64. Kb4 Qe1+ 65. Ka4
Qe4+ 66. Ka5 Kf5 67. Qh8 Qe1+ 68. Ka4 Qa1+ 0-1

[Event "Jorge Szmetan Mem 2017"]
[Site "Buenos Aires ARG"]
[Date "2017.04.18"]
[Round "2.1"]
[White "Granda Zuniga, Julio E"]
[Black "Hoffman, Alejandro"]
[Result "1-0"]
[WhiteTitle "GM"]
[BlackTitle "GM"]
[WhiteElo "2658"]
[BlackElo "2488"]
[WhiteFideId "3800024"]
[BlackFideId "100340"]
[EventDate "2017.04.17"]
[EventType "tourn"]

1. Nf3 g6 2. d4 Bg7 3. e4 c5 4. d5 d6 5. h3 Nf6 6. Nc3 O-O 7. a4 e6 8. Be2 exd5
9. exd5 Na6 10. Nd2 Nb4 11. Nc4 Re8 12. Ne3 b6 13. O-O Ba6 14. Bf3 Bf8 15. b3
Nd7 16. Bb2 Ne5 17. Be2 Bg7 18. Rb1 f5 19. f4 Nf7 20. Nb5 Bb7 21. Bxg7 Kxg7 22.
Rf3 a6 23. Nc3 Qf6 24. Qd2 Re7 25. Rd1 Rae8 26. Bf1 h5 27. Nc4 g5 28. fxg5 Nxg5
29. Rf4 Ne4 30. Nxe4 Rxe4 31. Nxb6 Rxf4 32. Qxf4 Nxc2 33. Nc4 Rd8 34. Na5 Rd7
35. Nc6 Rc7 36. Qd2 Bxc6 37. dxc6 Nd4 38. Bxa6 Rxc6 39. Bb5 Rc7 40. Bc4 Re7 41.
Re1 Re5 42. Rxe5 Qxe5 43. Qg5+ Kf8 44. Qd8+ Kg7 45. Qg5+ Kf8 46. Qg6 Ne2+ 47.
Bxe2 Qxe2 48. Qxf5+ Ke7 49. Kh2 Qd2 50. h4 d5 51. Qe5+ Kd7 52. a5 Kc6 53. Qf6+
Kb7 54. Qb6+ Ka8 55. Qxc5 Qf4+ 56. Kg1 d4 57. Qc6+ Ka7 58. Qc5+ Ka8 59. Qxh5
Qe3+ 60. Kh2 Qf4+ 61. Kh3 Qe3+ 62. g3 d3 63. Qd5+ Ka7 64. Qd7+ Ka6 65. b4 d2 66.
Qc6+ Ka7 67. b5 d1=Q 68. Qc7+ Ka8 69. Qc8+ Ka7 70. b6+ Qxb6 71. axb6+ Kxb6 72.
Qe6+ 1-0

[Event "Jorge Szmetan Mem 2017"]
[Site "Buenos Aires ARG"]
[Date "2017.04.18"]
[Round "2.2"]
[White "Mareco, Sandro"]
[Black "Pichot, Alan"]
[Result "1/2-1/2"]
[WhiteTitle "GM"]
[BlackTitle "GM"]
[WhiteElo "2655"]
[BlackElo "2556"]
[WhiteFideId "112275"]
[BlackFideId "110973"]
[EventDate "2017.04.17"]
[EventType "tourn"]

1. Nf3 Nf6 2. c4 e6 3. g3 d5 4. Bg2 Be7 5. O-O O-O 6. d4 dxc4 7. Qc2 a6 8. a4
Bd7 9. Qxc4 Bc6 10. Bf4 Bd6 11. Qc1 a5 12. Nc3 Na6 13. Bg5 h6 14. Bxf6 Qxf6 15.
Rd1 Nb4 16. e4 e5 17. dxe5 Bxe5 18. Nxe5 Qxe5 19. Nd5 Rfd8 20. f4 1/2-1/2

[Event "Jorge Szmetan Mem 2017"]
[Site "Buenos Aires ARG"]
[Date "2017.04.18"]
[Round "2.3"]
[White "Van Riemsdijk, Herman C."]
[Black "Morovic Fernandez, Ivan"]
[Result "1/2-1/2"]
[WhiteTitle "IM"]
[BlackTitle "GM"]
[WhiteElo "2318"]
[BlackElo "2527"]
[WhiteFideId "2100053"]
[BlackFideId "3405400"]
[EventDate "2017.04.17"]
[EventType "tourn"]

1. e4 e5 2. Nf3 Nc6 3. Bb5 a6 4. Bc4 Nf6 5. O-O Be7 6. Re1 b5 7. Bb3 d6 8. c3
O-O 9. d4 Bg4 10. Be3 Bh5 11. h3 exd4 12. cxd4 d5 13. e5 Ne4 14. Nc3 Nxc3 15.
bxc3 Na5 16. Bc2 Nc4 17. Qd3 Bg6 18. Qd1 a5 19. Bxg6 fxg6 20. Nd2 Nxe3 21. Rxe3
c5 22. dxc5 Bxc5 23. Re2 Rc8 24. Nf3 Rf4 25. Qd2 Rc4 26. Rd1 Rxc3 27. Qxd5+ Qxd5
28. Rxd5 Rc1+ 29. Kh2 b4 30. e6 Re8 31. Ne5 Bb6 32. Nd7 Bc7+ 33. g3 Rc6 34. Rc5
Rxc5 35. Nxc5 Kf8 36. Rd2 Re7 37. Kg2 Ke8 38. Rd5 Bb6 39. Na4 Bc7 40. Nc5 Bb6
41. Na4 Bd8 42. Nc5 Ra7 43. Na4 Ra6 44. Nc5 Rb6 45. Kf3 Be7 46. Na4 Rxe6 47.
Rxa5 Rf6+ 48. Ke3 Rc6 49. Nb2 Bc5+ 50. Ke2 Re6+ 51. Kf1 Be7 52. Nd3 Rb6 1/2-1/2

[Event "Jorge Szmetan Mem 2017"]
[Site "Buenos Aires ARG"]
[Date "2017.04.18"]
[Round "2.4"]
[White "Slipak, Sergio"]
[Black "Sosa, Tomas ARG"]
[Result "1/2-1/2"]
[WhiteTitle "GM"]
[BlackTitle "IM"]
[WhiteElo "2465"]
[BlackElo "2459"]
[WhiteFideId "100250"]
[BlackFideId "121576"]
[EventDate "2017.04.17"]
[EventType "tourn"]

1. c4 Nf6 2. Nc3 e6 3. e4 d5 4. e5 Nfd7 5. d4 dxc4 6. Bxc4 c5 7. Nf3 Nb6 8. Bb5+
Bd7 9. O-O c4 10. Bg5 Be7 11. Bxd7+ N8xd7 12. Bxe7 Qxe7 13. Ne4 O-O 14. Rc1 f6
15. exf6 gxf6 16. Re1 Rac8 17. b3 Kh8 18. bxc4 Nxc4 19. Qb3 Ncb6 20. a4 Rxc1 21.
Rxc1 a5 22. h3 Rg8 23. Rc7 Nd5 24. Rxb7 Nf4 25. Ng3 Qd6 26. Qb5 Rg7 27. Qxa5 h6
28. Qd2 Kh7 29. a5 Qc6 30. Rxd7 Nxh3+ 31. gxh3 Qxd7 32. Qf4 Qc7 33. Qxf6 Rf7 34.
Qxe6 Qf4 35. Qe4+ Qxe4 36. Nxe4 Rxf3 37. a6 Ra3 38. Nc5 Kg6 39. Kg2 Kf6 40. f3
Ke7 41. Kg3 1/2-1/2

[Event "Jorge Szmetan Mem 2017"]
[Site "Buenos Aires ARG"]
[Date "2017.04.18"]
[Round "2.5"]
[White "Garcia Palermo, Carlos"]
[Black "Bachmann, Axel"]
[Result "1/2-1/2"]
[WhiteTitle "GM"]
[BlackTitle "GM"]
[WhiteElo "2450"]
[BlackElo "2646"]
[WhiteFideId "110124"]
[BlackFideId "3700488"]
[EventDate "2017.04.17"]
[EventType "tourn"]

1. d4 Nf6 2. c4 d6 3. Nf3 g6 4. Nc3 Bg7 5. e4 O-O 6. Be2 Bg4 7. Be3 Nfd7 8. Ng1
Bxe2 9. Ngxe2 c5 10. d5 Na6 11. O-O Nc7 12. a4 b6 13. f4 a6 14. Rb1 Ne8 15. b4
Nef6 16. h3 Qc7 17. b5 Rfe8 18. Qd3 e6 19. dxe6 Rxe6 20. f5 Ree8 21. fxg6 hxg6
22. Nf4 axb5 23. cxb5 Qb7 24. Qxd6 Nxe4 25. Nxe4 Rxe4 26. Bc1 Raxa4 27. Qc6 Ra7
28. Bb2 Ne5 29. Bxe5 Rxe5 30. Rfd1 Qb8 31. Rd6 Bf8 32. Rf6 Rae7 33. Qxb6 Re1+
34. Rxe1 Rxe1+ 35. Kf2 Qe5 36. Kf3 Bg7 37. Qd8+ Bf8 38. Qxf8+ Kxf8 39. Nxg6+ Kg7
40. Nxe5 Kxf6 41. Nd7+ Ke7 42. Nxc5 Re5 43. Ne4 Rxb5 44. Kf4 f5 45. Nc3 Ra5 46.
Ne2 Kf6 47. g4 Ra4+ 48. Kf3 fxg4+ 49. hxg4 Kg5 50. Ke3 Rxg4 51. Nd4 Kf6 52. Nf3
Ra4 53. Nd4 Ke5 54. Nf3+ Kf5 55. Nd4+ Rxd4 1/2-1/2

[Event "Jorge Szmetan Mem 2017"]
[Site "Buenos Aires ARG"]
[Date "2017.04.18"]
[Round "2.6"]
[White "Darcyl, Tomas"]
[Black "Flores, Diego"]
[Result "0-1"]
[WhiteTitle "IM"]
[BlackTitle "GM"]
[WhiteElo "2405"]
[BlackElo "2568"]
[WhiteFideId "100404"]
[BlackFideId "108049"]
[EventDate "2017.04.17"]
[EventType "tourn"]

1. Nf3 c5 2. b3 d6 3. Bb2 e5 4. c4 Nc6 5. e3 g6 6. Nc3 Bg7 7. d3 Nge7 8. Be2 O-O
9. O-O h6 10. a3 Be6 11. Nd2 f5 12. b4 cxb4 13. axb4 Nxb4 14. Ba3 Nec6 15. Qb3
a5 16. Rfb1 Rf7 17. Bxb4 Nxb4 18. Na2 Nc6 19. Nc3 Ra6 20. Bf1 Kh7 21. g3 Nb4 22.
Qa4 d5 23. cxd5 Nxd5 24. Nxd5 Bxd5 25. e4 Bc6 26. Qc4 Qf6 27. Rb2 a4 28. Nb1
fxe4 29. dxe4 Rb6 30. Rd2 Rb3 31. Qe2 Bf8 32. Rc2 Qf3 33. Nd2 Qxe2 34. Bxe2 Rb4
35. f3 Rd7 36. Kf2 Kg7 37. Nc4 Bc5+ 38. Ke1 Bd4 39. Rd1 Bb5 40. f4 Bxc4 41. Rxc4
Rxc4 42. Bxc4 Rc7 43. Bd5 b5 44. Kd2 b4 45. fxe5 Bxe5 46. Rc1 Rxc1 47. Kxc1 b3
48. Kd2 Kf6 49. Ke3 Ke7 50. Kd3 Kd6 0-1

[Event "Jorge Szmetan Mem 2017"]
[Site "Buenos Aires ARG"]
[Date "2017.04.19"]
[Round "3.1"]
[White "Flores, Diego"]
[Black "Granda Zuniga, Julio E"]
[Result "1/2-1/2"]
[WhiteTitle "GM"]
[BlackTitle "GM"]
[WhiteElo "2568"]
[BlackElo "2658"]
[WhiteFideId "108049"]
[BlackFideId "3800024"]
[EventDate "2017.04.17"]
[EventType "tourn"]

1. d4 Nf6 2. c4 e6 3. Nc3 Bb4 4. e3 O-O 5. a3 Bxc3+ 6. bxc3 Nc6 7. Bd3 e5 8. Ne2
e4 9. Bc2 Na5 10. Ng3 Nxc4 11. Nxe4 Nxe4 12. Bxe4 d5 13. Bd3 b5 14. a4 c6 15.
O-O Be6 16. f3 a5 17. axb5 cxb5 18. Bxc4 bxc4 19. e4 Qd7 20. Bf4 Ra6 21. Qc2 Qb7
22. Rfb1 Rb6 23. Bd6 Ra8 24. Rxb6 Qxb6 25. Bc5 Qc7 26. e5 h5 27. h3 h4 28. Rb1
Qd8 29. Qc1 Rb8 30. Rxb8 Qxb8 31. Qg5 Qb1+ 32. Kh2 Qe1 33. Qd8+ Kh7 34. Qg5 Kg8
35. Qd8+ Kh7 36. Qg5 Kg8 37. Qd8+ Kh7 38. Qg5 1/2-1/2

[Event "Jorge Szmetan Mem 2017"]
[Site "Buenos Aires ARG"]
[Date "2017.04.19"]
[Round "3.2"]
[White "Bachmann, Axel"]
[Black "Darcyl, Tomas"]
[Result "1-0"]
[WhiteTitle "GM"]
[BlackTitle "IM"]
[WhiteElo "2646"]
[BlackElo "2405"]
[WhiteFideId "3700488"]
[BlackFideId "100404"]
[EventDate "2017.04.17"]
[EventType "tourn"]

1. c4 g6 2. Nc3 c5 3. g3 Bg7 4. Bg2 Nc6 5. e4 e6 6. Nge2 Nge7 7. d3 d6 8. Rb1 b6
9. Be3 e5 10. a3 Nd4 11. O-O Rb8 12. b4 Bd7 13. Qd2 O-O 14. b5 f5 15. exf5 gxf5
16. Bg5 Qe8 17. Nxd4 cxd4 18. Bxe7 Qxe7 19. Nd5 Qd8 20. f4 Be6 21. Nb4 Qd7 22.
Bc6 Qf7 23. Rbe1 Kh8 24. a4 Rg8 25. Qg2 Qg6 26. Kh1 Bf6 27. Bd5 Bxd5 28. Qxd5
Rbe8 29. Nc6 exf4 30. Rxe8 Rxe8 31. Rxf4 Re1+ 32. Kg2 Be5 33. Nxe5 dxe5 34. Qd8+
Kg7 35. Qc7+ Kf8 36. Qb8+ Kg7 37. Qxa7+ Qf7 38. Qxf7+ Kxf7 39. Rxf5+ Ke6 40. Rh5
Re2+ 41. Kf1 Rd2 42. Rh6+ Kf5 43. Rxb6 Rxd3 44. Rb8 Rb3 45. c5 Ke4 46. c6 Rc3
47. Kg2 d3 48. Rd8 Rc2+ 49. Kh3 Rc4 50. b6 Rd4 51. c7 d2 52. Rxd4+ exd4 53. c8=Q
d1=Q 54. Qe6+ Kd3 55. Qf5+ Kc3 56. b7 1-0

[Event "Jorge Szmetan Mem 2017"]
[Site "Buenos Aires ARG"]
[Date "2017.04.19"]
[Round "3.3"]
[White "Sosa, Tomas ARG"]
[Black "Garcia Palermo, Carlos"]
[Result "0-1"]
[WhiteTitle "IM"]
[BlackTitle "GM"]
[WhiteElo "2459"]
[BlackElo "2450"]
[WhiteFideId "121576"]
[BlackFideId "110124"]
[EventDate "2017.04.17"]
[EventType "tourn"]

1. e4 c6 2. d4 d5 3. Nd2 dxe4 4. Nxe4 Bf5 5. Ng3 Bg6 6. h4 h6 7. Nh3 Nf6 8. Nf4
Bh7 9. Bc4 e6 10. Qe2 Qxd4 11. Be3 Qxb2 12. O-O Qxc2 13. Bd2 Nbd7 14. Nxe6 fxe6
15. Qxe6+ Kd8 16. Rfd1 Bc5 17. Rac1 Re8 18. Qh3 Qg6 19. Bc3 Kc7 20. Ne2 Qg4 21.
Qh2+ Kc8 22. Nd4 Be4 23. Ba5 Bd6 24. Qh1 Bf4 25. Nb5 Nb6 26. Bf1 Nbd5 27. Nd4
Bxc1 28. Rxc1 Kd7 29. f3 Bxf3 30. Nxf3 Re3 31. Rc4 Qg3 0-1

[Event "Jorge Szmetan Mem 2017"]
[Site "Buenos Aires ARG"]
[Date "2017.04.19"]
[Round "3.4"]
[White "Morovic Fernandez, Ivan"]
[Black "Slipak, Sergio"]
[Result "1-0"]
[WhiteTitle "GM"]
[BlackTitle "GM"]
[WhiteElo "2527"]
[BlackElo "2465"]
[WhiteFideId "3405400"]
[BlackFideId "100250"]
[EventDate "2017.04.17"]
[EventType "tourn"]

1. d4 d5 2. Nf3 Nf6 3. e3 c5 4. dxc5 e6 5. b4 a5 6. c3 axb4 7. cxb4 b6 8. Bb5+
Bd7 9. Bxd7+ Nbxd7 10. a4 bxc5 11. b5 Bd6 12. O-O O-O 13. Bb2 Qc7 14. Nbd2 c4
15. Qc2 Nc5 16. h3 e5 17. Rfb1 Nd3 18. Ba3 Bxa3 19. Rxa3 Qa5 20. b6 Rfb8 21. b7
Ra7 22. Rxd3 e4 23. Rc3 exf3 24. Nxc4 dxc4 25. Rxc4 g6 26. Rc8+ Kg7 27. Rxb8 Qg5
28. g3 Qh5 29. Qc8 1-0

[Event "Jorge Szmetan Mem 2017"]
[Site "Buenos Aires ARG"]
[Date "2017.04.19"]
[Round "3.5"]
[White "Pichot, Alan"]
[Black "Van Riemsdijk, Herman C."]
[Result "1/2-1/2"]
[WhiteTitle "GM"]
[BlackTitle "IM"]
[WhiteElo "2556"]
[BlackElo "2318"]
[WhiteFideId "110973"]
[BlackFideId "2100053"]
[EventDate "2017.04.17"]
[EventType "tourn"]

1. e4 c5 2. Nf3 e6 3. d4 cxd4 4. Nxd4 Nf6 5. Nc3 Nc6 6. Nxc6 bxc6 7. e5 Nd5 8.
Ne4 Qc7 9. f4 Qb6 10. c4 Bb4+ 11. Ke2 f5 12. exf6 Nxf6 13. Be3 Qb8 14. Nxf6+
gxf6 15. Kf2 Bd6 16. Qd2 Qb4 17. Rd1 Qxd2+ 18. Rxd2 Bb4 19. Rc2 d6 20. a3 Bc5
21. Bxc5 dxc5 22. Be2 Ke7 23. Bf3 Bd7 24. Rd1 Rhb8 25. f5 e5 26. Rcd2 Bxf5 27.
Bxc6 Bg4 28. Bf3 Bxf3 29. Kxf3 Rb7 30. g4 Rg8 31. h3 h5 32. b4 hxg4+ 33. hxg4
cxb4 34. axb4 Rc8 35. Rh1 Ke6 36. c5 Rxb4 37. Rd6+ Kf7 38. c6 Rc4 39. Rh6 Rf4+
40. Ke3 Ke7 41. Rd7+ Ke6 42. g5 Rxc6 43. Rxa7 Kf5 44. Rxf6+ Rxf6 1/2-1/2

[Event "Jorge Szmetan Mem 2017"]
[Site "Buenos Aires ARG"]
[Date "2017.04.19"]
[Round "3.6"]
[White "Hoffman, Alejandro"]
[Black "Mareco, Sandro"]
[Result "1-0"]
[WhiteTitle "GM"]
[BlackTitle "GM"]
[WhiteElo "2488"]
[BlackElo "2655"]
[WhiteFideId "100340"]
[BlackFideId "112275"]
[EventDate "2017.04.17"]
[EventType "tourn"]

1. d4 Nf6 2. c4 e6 3. Nc3 Bb4 4. Nf3 b6 5. Qc2 Bb7 6. a3 Bxc3+ 7. Qxc3 d6 8. Bg5
Nbd7 9. Nd2 h6 10. Bh4 c5 11. dxc5 bxc5 12. e3 O-O 13. f3 a5 14. b3 Qb6 15. Be2
d5 16. Bf2 Ba6 17. O-O Rfc8 18. Rab1 Qd8 19. Rfd1 Qe8 20. Bf1 Rc6 21. h3 Qc8 22.
a4 Qb7 23. Qxa5 dxc4 24. bxc4 Nb6 25. Ra1 Qc7 26. Qc3 Bb7 27. a5 Nbd7 28. e4 Nh5
29. Nb3 Ne5 30. Qe3 Ba6 31. Rac1 Rc8 32. f4 Ng6 33. g3 e5 34. f5 Nf8 35. Bg2 Nf6
36. g4 N8d7 37. h4 Rb8 38. Rc3 Rd6 39. Rxd6 Qxd6 40. g5 hxg5 41. hxg5 Nh7 42.
Bf3 Qc6 43. Kg2 Rc8 44. Qd2 Qa4 45. Be3 Rb8 46. Nxc5 Nxc5 47. Bxc5 Qxa5 48. Be3
Qa1 49. Rc2 Qa4 50. c5 Bc4 51. Qc3 Ba6 52. Rb2 Rxb2+ 53. Qxb2 Qe8 54. Qb6 Bb5
55. Qd6 Bc6 56. Kg3 Nf8 57. Bd2 Nh7 58. Kh4 f6 59. g6 Nf8 60. Qd3 Qa8 61. Qc4+
Kh8 62. Kg3 Nd7 63. Be3 Qg8 64. Qc1 Qb3 65. Qh1+ Kg8 66. Qh7+ Kf8 67. Qh8+ Qg8
68. Qxg8+ Kxg8 69. Kf2 Kf8 70. Ke2 Ke7 71. Kd3 Bb5+ 72. Kc3 Bc6 73. Kc4 Ke8 74.
Bd2 Kf8 75. Ba5 Ke8 76. Bc7 Ke7 77. Bd6+ Kd8 78. Kd3 1-0

[Event "Jorge Szmetan Mem 2017"]
[Site "Buenos Aires ARG"]
[Date "2017.04.20"]
[Round "4.1"]
[White "Granda Zuniga, Julio E"]
[Black "Mareco, Sandro"]
[Result "0-1"]
[WhiteTitle "GM"]
[BlackTitle "GM"]
[WhiteElo "2658"]
[BlackElo "2655"]
[WhiteFideId "3800024"]
[BlackFideId "112275"]
[EventDate "2017.04.17"]
[EventType "tourn"]

1. c4 e5 2. Nc3 Nf6 3. Nf3 Nc6 4. e3 Bb4 5. Qc2 d6 6. Be2 O-O 7. O-O Re8 8. d3
a5 9. b3 Bf5 10. Bb2 Ne7 11. Na4 Ng6 12. Rfd1 Bc5 13. Nxc5 dxc5 14. Ne1 Qe7 15.
Bf1 h5 16. f3 Rad8 17. Qf2 b6 18. Nc2 h4 19. a3 Rd7 20. Rd2 Nh5 21. Re1 Qd8 22.
g4 hxg3 23. hxg3 e4 24. g4 Nh4 25. fxe4 Bxg4 26. Bg2 Nxg2 27. Qxg2 Qh4 28. Qh2
Qg5 29. Rg2 Rxd3 30. Rf1 Rxe4 31. Qxc7 Qg6 32. Ne1 Rxb3 33. Qd8+ Kh7 34. Nd3 Qe6
35. Nf4 Rxf4 36. exf4 Qe3+ 37. Kh2 Qh3+ 38. Kg1 Bf3 39. Rxf3 Rxf3 40. Qg5 Re3 0-1

[Event "Jorge Szmetan Mem 2017"]
[Site "Buenos Aires ARG"]
[Date "2017.04.20"]
[Round "4.2"]
[White "Van Riemsdijk, Herman C."]
[Black "Hoffman, Alejandro"]
[Result "1/2-1/2"]
[WhiteTitle "IM"]
[BlackTitle "GM"]
[WhiteElo "2318"]
[BlackElo "2488"]
[WhiteFideId "2100053"]
[BlackFideId "100340"]
[EventDate "2017.04.17"]
[EventType "tourn"]

1. e4 e5 2. Nf3 d6 3. d4 exd4 4. Qxd4 Nc6 5. Bb5 Bd7 6. Bxc6 Bxc6 7. Nc3 Nf6 8.
Bg5 Be7 9. O-O-O O-O 10. Rhe1 Re8 11. h3 a6 12. Kb1 h6 13. Bc1 Nd7 14. Nd5 Bf6
15. Qc4 Bxd5 16. Qxd5 Qc8 17. g4 Re6 18. Nd4 Re5 19. Qc4 b5 20. Qf1 Qb7 21. f3
Rae8 22. Bf4 R5e7 23. Nf5 Re6 24. h4 Nc5 25. g5 Be5 26. Bxe5 Rxe5 27. gxh6 g6
28. h5 Kh7 29. hxg6+ fxg6 30. Ne3 Rf8 31. Qg2 Ne6 32. Ng4 Nf4 33. Qd2 Re7 34.
Qd4 Nh5 35. Rd3 Rf4 36. a3 Ref7 37. Qc3 Nf6 38. e5 Nxg4 39. e6 Re7 40. fxg4 Qg2
41. Rg3 Qd5 42. g5 Rf5 43. Rge3 Qg2 44. Rg3 Qd5 45. b3 Re5 46. Rxe5 dxe5 47. Rf3
Qxe6 48. Rf6 Qg4 49. Qc5 Qd1+ 50. Ka2 Qd8 51. Rxa6 e4 52. Qe3 Re5 53. Rf6 Qd5
54. Qf4 Re7 55. Qe3 Re5 56. Qf4 Re7 1/2-1/2

[Event "Jorge Szmetan Mem 2017"]
[Site "Buenos Aires ARG"]
[Date "2017.04.20"]
[Round "4.3"]
[White "Slipak, Sergio"]
[Black "Pichot, Alan"]
[Result "0-1"]
[WhiteTitle "GM"]
[BlackTitle "GM"]
[WhiteElo "2465"]
[BlackElo "2556"]
[WhiteFideId "100250"]
[BlackFideId "110973"]
[EventDate "2017.04.17"]
[EventType "tourn"]

1. g3 d5 2. Nf3 Nf6 3. Bg2 e6 4. O-O Be7 5. b3 O-O 6. c4 d4 7. e3 c5 8. exd4
cxd4 9. Re1 Nc6 10. d3 Nd7 11. Na3 e5 12. Nc2 a5 13. Ba3 Re8 14. Bxe7 Rxe7 15.
Ng5 h6 16. Ne4 f5 17. Nd6 Nc5 18. Bd5+ Kh7 19. Nxc8 Rxc8 20. f3 b5 21. Bxc6 bxc4
22. Bb5 Nxd3 23. Bxc4 Nxe1 24. Qxe1 d3 25. Ne3 Qd4 26. Rd1 Rxc4 27. bxc4 f4 28.
Kf2 Rb7 29. Rd2 g5 30. gxf4 exf4 31. Qe2 Rb2 32. Rxd3 Rxe2+ 33. Kxe2 Qb2+ 34.
Rd2 Qe5 0-1